| 000 | 00726nam a2200217 i 4500 | ||
|---|---|---|---|
| 001 | 40374 | ||
| 003 | ES-MaACL | ||
| 005 | 20240427063111.0 | ||
| 007 | t| | ||
| 008 | 030306s1967 sp ||||1| spa d | ||
| 100 | 0 |
_aCardenal, Ernesto, _d1925-2020 _935125 |
|
| 245 | 1 | 0 |
_aSalmos / _cErnesto Cardenal. |
| 250 | _a[1ª ed.]. | ||
| 260 |
_a[Avila : _bDiputación Provincial : _bInstitución Gran Duque de Alba : _bDiario de Avila, _c1967] |
||
| 300 |
_a76 p., 1 retr. aut. ; _c15 cm. |
||
| 710 | 1 |
_aAvila (Provincia). _bDiputación Provincial. _92075 |
|
| 710 | 2 |
_aInstitución Gran Duque de Alba. _94723 |
|
| 710 | 2 |
_aDiario de Avila. _93386 |
|
| 852 |
_aES-MaACL _jC-34307 _bR.65142 |
||
| 999 |
_c40374 _d40374 |
||